Statistics for Melbourne Train Network Map

Click here to take the quiz!

General Stats

  • This quiz has been taken 380 times
    (216 since last reset)
  • The average score is 126 of 221

Answers on the Map

Answers color-coded by a green-red scale on the quiz's map according to % correct below.
 

Answer Stats

Station% Correct
Flinders Street
98%
Richmond
95%
Southern Cross
94%
Melbourne Central
91%
Parliament
91%
Flagstaff
88%
Werribee
86%
Frankston
84%
Lilydale
84%
Sandringham
84%
Pakenham
82%
Dandenong
81%
North Melbourne
81%
Cranbourne
80%
Footscray
80%
Mernda
79%
South Yarra
79%
Box Hill
78%
East Richmond
77%
Glen Waverley
76%
Jolimont
76%
Williamstown
76%
Alamein
75%
Belgrave
75%
Burnley
75%
Caulfield
75%
Malvern
75%
Oakleigh
75%
Sunshine
74%
Collingwood
73%
Camberwell
72%
Clayton
72%
Craigieburn
72%
Hurstbridge
72%
Sunbury
72%
Upfield
72%
Altona
71%
Ringwood
70%
Murrumbeena
69%
Toorak
69%
Hawthorn
68%
Kensington
68%
Laverton
68%
Preston
67%
Stony Point
67%
Clifton Hill
66%
Flemington Racecourse
66%
Prahran
66%
West Footscray
66%
Brighton Beach
65%
Hoppers Crossing
65%
Hughesdale
65%
Armadale
64%
Berwick
64%
Broadmeadows
64%
Essendon
64%
Huntingdale
64%
Springvale
64%
Carnegie
63%
Carrum
63%
Croydon
63%
Glenferrie
63%
North Richmond
63%
South Kensington
63%
Brunswick
62%
Chelsea
62%
Cheltenham
62%
Ferntree Gully
62%
Merri
62%
Officer
62%
West Richmond
62%
Epping
61%
Glen Iris
61%
Upper Ferntree Gully
61%
Victoria Park
61%
Blackburn
60%
Hawksburn
60%
Middle Brighton
60%
Narre Warren
60%
Showgrounds
60%
South Morang
60%
Tottenham
60%
Balaclava
59%
Elsternwick
59%
Northcote
59%
Windsor
59%
Beaconsfield
58%
Bell
58%
Boronia
58%
Coburg
58%
Eltham
58%
Glenhuntly
58%
Hampton
58%
Mordialloc
58%
Newport
58%
Reservoir
58%
Bayswater
57%
Gardenvale
57%
Ivanhoe
57%
Mount Waverley
57%
Noble Park
57%
North Brighton
57%
Tecoma
57%
Williams Landing
57%
Heidelberg
56%
Jacana
56%
Moorabbin
56%
Seaford
56%
St Albans
56%
Williamstown Beach
56%
Ashburton
55%
Auburn
55%
Bentleigh
55%
Canterbury
55%
Greensborough
55%
Hallam
55%
Kooyong
55%
Middle Footscray
55%
Ripponlea
55%
Thomastown
55%
Yarraville
55%
Aircraft
54%
Burwood
54%
Cardinia Road
54%
East Malvern
54%
Ormond
54%
Sandown Park
54%
Thornbury
54%
Westall
54%
Bonbeach
53%
Merinda Park
53%
North Williamstown
53%
Southland
53%
Upwey
53%
Aspendale
52%
Diggers Rest
52%
Jordanville
52%
Mentone
52%
Moonee Ponds
52%
Mooroolbark
52%
Nunawading
52%
Patterson
52%
Seaholme
52%
Spotswood
52%
Albion
51%
Gardiner
51%
Heyington
51%
Highett
51%
Lynbrook
51%
McKinnon
51%
Mitcham
51%
Parkdale
51%
Ringwood East
51%
Royal Park
51%
Union
51%
Yarraman
51%
Diamond Creek
49%
East Camberwell
49%
Lalor
49%
Seddon
49%
Syndal
49%
Tooronga
49%
Watergardens
49%
Alphington
48%
Ascot Vale
48%
Darling
48%
Edithvale
48%
Fairfield
48%
Flemington Bridge
48%
Kananook
48%
Heathmont
47%
Rosanna
47%
Watsonia
47%
Westona
47%
Batman
46%
Chatham
46%
Crib Point
46%
Heatherdale
46%
Roxburgh Park
46%
Wattle Glen
46%
Coolaroo
45%
Fawkner
45%
Newmarket
45%
Baxter
44%
Dennis
44%
Glenroy
44%
Keon Park
44%
Macaulay
44%
Macleod
44%
Montmorency
44%
Riversdale
44%
Willison
44%
Ginifer
43%
Holmesglen
43%
Laburnum
43%
Croxton
42%
Leawarra
42%
Rushall
42%
Westgarth
42%
Hartwell
41%
Hastings
41%
Middle Gorge
41%
Pascoe Vale
41%
Darebin
40%
Eaglemont
40%
Jewell
40%
Keilor Plains
40%
Oak Park
40%
Regent
40%
Strathmore
40%
Anstey
39%
Ruthven
39%
Tyabb
39%
Hawkstowe
38%
Somerville
38%
Glenbervie
36%
Gowrie
36%
Moreland
35%
Bittern
32%
Merlynston
30%
Morradoo
28%

Score Distribution

Percentile by Number Answered

Percent of People with Each Score

Your Score History

You have not taken this quiz since the last reset